| 000 | 00737nam a22002297a 4500 | ||
|---|---|---|---|
| 005 | 20241016154727.0 | ||
| 007 | ta | ||
| 008 | 221025s1971 sp |||||r|||| 00| 0 spa d | ||
| 040 |
_avecauma _cvecauma _dvecauma |
||
| 099 |
_aCB478 _bM3 |
||
| 100 | 1 |
_aMcLuhan, Marshall, _93477 _d1911-1980 |
|
| 245 | 1 | 0 |
_aGuerra y paz en la aldea global / _cMarshall McLuan, Quentin Fiore |
| 260 |
_aBarcelona : _bEdiciones Martínez Roca, _c1971. |
||
| 300 | _a196 p. | ||
| 490 | 0 |
_aNovocurso _v18 |
|
| 534 | _aTítulo original: War and peace in the global village | ||
| 650 | 0 |
_aTECNOLOGIA Y CIVILIZACION _9369 |
|
| 650 | 0 |
_aCIVILIZACION _ySIGLO XX _9162 |
|
| 700 | 1 |
_93478 _aFiore, Quentin _d1920-2019 |
|
| 942 |
_2lcc _cBK |
||
| 999 |
_c2441 _d2441 |
||